Wanita-wanita di dalam Al-Quran

Bibliographic Details
Main Author: Hidayah Sultan Salim
Format: Book
Published: Kuala Lumpur : Dewan Pustaka Fajar , 1988
Subjects:

MARC

LEADER 00000cam a2200000 7i4500
001 0000004566
002 000004923
005 20000330.0
020 |a T000000379 
090 0 0 |a 297.61   |b HID 
100 0 |a Hidayah Sultan Salim 
245 1 0 |a Wanita-wanita di dalam Al-Quran   |c Hidayah Sultan Salim 
260 |a Kuala Lumpur :   |b Dewan Pustaka Fajar ,   |c 1988 
300 |a 168 p. ;   |c 22 cm. 
650 0 0 |a Women in Islam 
650 0 0 |a Women in Quran 
999 |a 034651   |b BUKU   |c PINJAMAN   |e PERPUSTAKAAN KOMUNITI PETALING JAYA